00557nam a2200145Ia 4500008004100000020002200041041000800063082002400071100005100095245005100146260003600197300000900233999001900242952015000261230519s9999 xx 000 0 und d a978-93-83290-70-3 aeng a610.7343/VEE/DB0329 aVeerabhadrappa GM & Sarawad Shivaleela9180334 aExamination Master in Community Health Nursing bS Vikas and CoaJalandharc2014 a287p c159146d159146 00104070aBTINbBTINd2016-10-03g355.00i589l18m6o610.7343 VEE DB0491pBTIN-DB-491r2025-06-25 00:00:00s2025-06-17w2014-07-19yDBzDB0491